<?xml version="1.0" encoding="UTF-8"?>
<record
    xmlns:xsi="http://www.w3.org/2001/XMLSchema-instance"
    xsi:schemaLocation="http://www.loc.gov/MARC21/slim http://www.loc.gov/standards/marcxml/schema/MARC21slim.xsd"
    xmlns="http://www.loc.gov/MARC21/slim">

  <leader>01302nam a2200241Ia 4500</leader>
  <controlfield tag="003">Ost</controlfield>
  <controlfield tag="005">20260507075336.0</controlfield>
  <controlfield tag="008">260507s9999||||xx |||||||||||||| ||und||</controlfield>
  <datafield tag="020" ind1=" " ind2=" ">
    <subfield code="a">9789953822570</subfield>
  </datafield>
  <datafield tag="040" ind1=" " ind2=" ">
    <subfield code="c">fsecg</subfield>
  </datafield>
  <datafield tag="041" ind1=" " ind2=" ">
    <subfield code="a">ara</subfield>
  </datafield>
  <datafield tag="082" ind1=" " ind2=" ">
    <subfield code="a">330</subfield>
  </datafield>
  <datafield tag="100" ind1=" " ind2=" ">
    <subfield code="a">&#x627;&#x644;&#x628;&#x633;&#x62A;&#x627;&#x646;&#x64A;&#x60C; &#x628;&#x627;&#x633;&#x644;</subfield>
    <subfield code="e">&#x645;&#x624;&#x644;&#x641;</subfield>
  </datafield>
  <datafield tag="245" ind1=" " ind2="0">
    <subfield code="a">&#x62C;&#x62F;&#x644;&#x64A;&#x629; &#x646;&#x647;&#x62C; &#x627;&#x644;&#x62A;&#x646;&#x645;&#x64A;&#x629; &#x627;&#x644;&#x628;&#x634;&#x631;&#x64A;&#x629; &#x627;&#x644;&#x645;&#x633;&#x62A;&#x62F;&#x627;&#x645;&#x629; :</subfield>
    <subfield code="b">&#x645;&#x646;&#x627;&#x628;&#x639; &#x627;&#x644;&#x62A;&#x643;&#x648;&#x64A;&#x646; &#x648; &#x645;&#x648;&#x627;&#x646;&#x639; &#x627;&#x644;&#x62A;&#x645;&#x643;&#x64A;&#x646; /</subfield>
    <subfield code="c"> &#x628;&#x627;&#x633;&#x644; &#x627;&#x644;&#x628;&#x633;&#x62A;&#x627;&#x646;&#x64A;</subfield>
  </datafield>
  <datafield tag="260" ind1=" " ind2=" ">
    <subfield code="a">&#x644;&#x628;&#x646;&#x627;&#x646;: </subfield>
    <subfield code="b">&#x645;&#x631;&#x643;&#x632; &#x62F;&#x631;&#x627;&#x633;&#x627;&#x62A; &#x627;&#x644;&#x648;&#x62D;&#x62F;&#x629; &#x627;&#x644;&#x639;&#x631;&#x628;&#x64A;&#x629;, </subfield>
    <subfield code="c">2009</subfield>
  </datafield>
  <datafield tag="300" ind1=" " ind2=" ">
    <subfield code="a">271  &#x635;&#x641;&#x62D;&#x629;&#x61B; </subfield>
    <subfield code="b">&#x625;&#x64A;&#x636;&#x627;&#x62D;&#x627;&#x62A; &#x61B;</subfield>
    <subfield code="c">24 &#x633;&#x645;</subfield>
  </datafield>
  <datafield tag="504" ind1=" " ind2=" ">
    <subfield code="a">&#x645;&#x644;&#x627;&#x62D;&#x642; &#x635;.229</subfield>
  </datafield>
  <datafield tag="520" ind1=" " ind2=" ">
    <subfield code="a">&#x62A;&#x637;&#x648;&#x631;&#x627;&#x62A; &#x62D;&#x64A;&#x648;&#x64A;&#x629; &#x641;&#x64A; &#x627;&#x644;&#x628;&#x64A;&#x626;&#x629; &#x627;&#x644;&#x62F;&#x648;&#x644;&#x64A;&#x629; &#x648; &#x62A;&#x637;&#x648;&#x631; &#x648; &#x645;&#x641;&#x627;&#x647;&#x64A;&#x645; &#x627;&#x644;&#x646;&#x645;&#x648; &#x648; &#x627;&#x644;&#x62A;&#x646;&#x645;&#x64A;&#x629; &#x627;&#x644;&#x628;&#x634;&#x631;&#x64A;&#x629; &#x60C; &#x627;&#x644;&#x645;&#x633;&#x64A;&#x631;&#x629; &#x627;&#x644;&#x62A;&#x631;&#x627;&#x643;&#x645;&#x64A;&#x629; &#x644;&#x628;&#x646;&#x627;&#x621; &#x627;&#x644;&#x646;&#x647;&#x62C;&#x60C;&#x627;&#x644;&#x645;&#x631;&#x62A;&#x643;&#x632;&#x627;&#x62A; &#x627;&#x644;&#x645;&#x62D;&#x648;&#x631;&#x64A;&#x629; &#x648; &#x627;&#x644;&#x62B;&#x646;&#x627;&#x626;&#x64A;&#x627;&#x62A; &#x627;&#x644;&#x62A;&#x62D;&#x644;&#x64A;&#x644;&#x64A;&#x629; &#x60C; &#x645;&#x648;&#x642;&#x639; &#x627;&#x644;&#x62A;&#x631;&#x627;&#x62B; &#x627;&#x644;&#x639;&#x631;&#x628;&#x64A; &#x627;&#x644;&#x627;&#x633;&#x644;&#x627;&#x645;&#x64A; &#x60C; &#x627;&#x644;&#x62B;&#x646;&#x627;&#x626;&#x64A;&#x627;&#x62A; &#x648; &#x631;&#x623;&#x633; &#x627;&#x644;&#x645;&#x627;&#x644; &#x627;&#x644;&#x627;&#x62C;&#x62A;&#x645;&#x627;&#x639;&#x64A; &#x641;&#x64A; &#x631;&#x624;&#x64A;&#x629; &#x627;&#x644;&#x62A;&#x631;&#x627;&#x62B; &#x60C; &#x638;&#x631;&#x648;&#x641; &#x627;&#x644;&#x62A;&#x646;&#x645;&#x64A;&#x629; &#x648; &#x628;&#x639;&#x636; &#x627;&#x644;&#x645;&#x636;&#x627;&#x645;&#x64A;&#x646; &#x627;&#x644;&#x62D;&#x64A;&#x648;&#x64A;&#x629;</subfield>
  </datafield>
  <datafield tag="653" ind1=" " ind2=" ">
    <subfield code="a">&#x627;&#x644;&#x62A;&#x646;&#x645;&#x64A;&#x629;</subfield>
  </datafield>
  <datafield tag="653" ind1=" " ind2=" ">
    <subfield code="a">&#x627;&#x644;&#x62A;&#x646;&#x645;&#x64A;&#x629; &#x627;&#x644;&#x625;&#x62C;&#x62A;&#x645;&#x627;&#x639;&#x64A;&#x629;</subfield>
  </datafield>
  <datafield tag="653" ind1=" " ind2=" ">
    <subfield code="a">&#x627;&#x644;&#x645;&#x648;&#x627;&#x631;&#x62F; &#x627;&#x644;&#x628;&#x634;&#x631;&#x64A;&#x629;</subfield>
  </datafield>
  <datafield tag="942" ind1=" " ind2=" ">
    <subfield code="c">&#x643;&#x62A;&#x627;&#x628;</subfield>
  </datafield>
  <datafield tag="952" ind1=" " ind2=" ">
    <subfield code="0">0</subfield>
    <subfield code="1">0</subfield>
    <subfield code="2">ddc</subfield>
    <subfield code="4">0</subfield>
    <subfield code="7">-1</subfield>
    <subfield code="a">fsecg</subfield>
    <subfield code="b">fsecg</subfield>
    <subfield code="d">2026-05-07</subfield>
    <subfield code="h">&#x627;&#x644;&#x637;&#x627;&#x628;&#x642; &#x627;&#x644;&#x623;&#x631;&#x636;&#x64A;</subfield>
    <subfield code="i">22592</subfield>
    <subfield code="l">0</subfield>
    <subfield code="o">&#x623;/4088&#x646;1</subfield>
    <subfield code="p">22592</subfield>
    <subfield code="r">2026-05-07 07:53:36</subfield>
    <subfield code="w">2026-05-07</subfield>
    <subfield code="y">&#x643;&#x62A;&#x627;&#x628;</subfield>
  </datafield>
  <datafield tag="952" ind1=" " ind2=" ">
    <subfield code="0">0</subfield>
    <subfield code="1">0</subfield>
    <subfield code="2">ddc</subfield>
    <subfield code="4">0</subfield>
    <subfield code="7">0</subfield>
    <subfield code="a">fsecg</subfield>
    <subfield code="b">fsecg</subfield>
    <subfield code="d">2026-05-07</subfield>
    <subfield code="h">&#x627;&#x644;&#x637;&#x627;&#x628;&#x642; &#x627;&#x644;&#x623;&#x631;&#x636;&#x64A;</subfield>
    <subfield code="i">22593</subfield>
    <subfield code="l">0</subfield>
    <subfield code="o">&#x623;/4088&#x646;2</subfield>
    <subfield code="p">22593</subfield>
    <subfield code="r">2026-05-07 07:53:36</subfield>
    <subfield code="w">2026-05-07</subfield>
    <subfield code="y">&#x643;&#x62A;&#x627;&#x628;</subfield>
  </datafield>
  <datafield tag="952" ind1=" " ind2=" ">
    <subfield code="0">0</subfield>
    <subfield code="1">0</subfield>
    <subfield code="2">ddc</subfield>
    <subfield code="4">0</subfield>
    <subfield code="7">0</subfield>
    <subfield code="a">fsecg</subfield>
    <subfield code="b">fsecg</subfield>
    <subfield code="d">2026-05-07</subfield>
    <subfield code="h">&#x627;&#x644;&#x637;&#x627;&#x628;&#x642; &#x627;&#x644;&#x623;&#x631;&#x636;&#x64A;</subfield>
    <subfield code="i">22594</subfield>
    <subfield code="l">0</subfield>
    <subfield code="o">&#x623;/4088&#x646;3</subfield>
    <subfield code="p">22594</subfield>
    <subfield code="r">2026-05-07 07:53:36</subfield>
    <subfield code="w">2026-05-07</subfield>
    <subfield code="y">&#x643;&#x62A;&#x627;&#x628;</subfield>
  </datafield>
  <datafield tag="952" ind1=" " ind2=" ">
    <subfield code="0">0</subfield>
    <subfield code="1">0</subfield>
    <subfield code="2">ddc</subfield>
    <subfield code="4">0</subfield>
    <subfield code="7">0</subfield>
    <subfield code="a">fsecg</subfield>
    <subfield code="b">fsecg</subfield>
    <subfield code="d">2026-05-07</subfield>
    <subfield code="h">&#x627;&#x644;&#x637;&#x627;&#x628;&#x642; &#x627;&#x644;&#x623;&#x631;&#x636;&#x64A;</subfield>
    <subfield code="i">22595</subfield>
    <subfield code="l">0</subfield>
    <subfield code="o">&#x623;/4088&#x646;4</subfield>
    <subfield code="p">22595</subfield>
    <subfield code="r">2026-05-07 07:53:37</subfield>
    <subfield code="w">2026-05-07</subfield>
    <subfield code="y">&#x643;&#x62A;&#x627;&#x628;</subfield>
  </datafield>
  <datafield tag="952" ind1=" " ind2=" ">
    <subfield code="0">0</subfield>
    <subfield code="1">0</subfield>
    <subfield code="2">ddc</subfield>
    <subfield code="4">0</subfield>
    <subfield code="7">0</subfield>
    <subfield code="a">fsecg</subfield>
    <subfield code="b">fsecg</subfield>
    <subfield code="d">2026-05-07</subfield>
    <subfield code="h">&#x627;&#x644;&#x637;&#x627;&#x628;&#x642; &#x627;&#x644;&#x623;&#x631;&#x636;&#x64A;</subfield>
    <subfield code="i">22596</subfield>
    <subfield code="l">0</subfield>
    <subfield code="o">&#x623;/4088&#x646;5</subfield>
    <subfield code="p">22596</subfield>
    <subfield code="r">2026-05-07 07:53:37</subfield>
    <subfield code="w">2026-05-07</subfield>
    <subfield code="y">&#x643;&#x62A;&#x627;&#x628;</subfield>
  </datafield>
  <datafield tag="952" ind1=" " ind2=" ">
    <subfield code="0">0</subfield>
    <subfield code="1">0</subfield>
    <subfield code="2">ddc</subfield>
    <subfield code="4">0</subfield>
    <subfield code="7">0</subfield>
    <subfield code="a">fsecg</subfield>
    <subfield code="b">fsecg</subfield>
    <subfield code="d">2026-05-07</subfield>
    <subfield code="h">&#x627;&#x644;&#x637;&#x627;&#x628;&#x642; &#x627;&#x644;&#x62B;&#x627;&#x646;&#x64A;</subfield>
    <subfield code="i">22597</subfield>
    <subfield code="l">0</subfield>
    <subfield code="o">&#x623;/4088&#x646;6</subfield>
    <subfield code="p">22597</subfield>
    <subfield code="r">2026-05-07 07:53:37</subfield>
    <subfield code="w">2026-05-07</subfield>
    <subfield code="y">&#x643;&#x62A;&#x627;&#x628;</subfield>
  </datafield>
  <datafield tag="952" ind1=" " ind2=" ">
    <subfield code="0">0</subfield>
    <subfield code="1">0</subfield>
    <subfield code="2">ddc</subfield>
    <subfield code="4">0</subfield>
    <subfield code="7">0</subfield>
    <subfield code="a">fsecg</subfield>
    <subfield code="b">fsecg</subfield>
    <subfield code="d">2026-05-07</subfield>
    <subfield code="h">&#x627;&#x644;&#x637;&#x627;&#x628;&#x642; &#x627;&#x644;&#x62B;&#x627;&#x646;&#x64A;</subfield>
    <subfield code="i">22598</subfield>
    <subfield code="l">0</subfield>
    <subfield code="o">&#x623;/4088&#x646;7</subfield>
    <subfield code="p">22598</subfield>
    <subfield code="r">2026-05-07 07:53:37</subfield>
    <subfield code="w">2026-05-07</subfield>
    <subfield code="y">&#x643;&#x62A;&#x627;&#x628;</subfield>
  </datafield>
  <datafield tag="952" ind1=" " ind2=" ">
    <subfield code="0">0</subfield>
    <subfield code="1">0</subfield>
    <subfield code="2">ddc</subfield>
    <subfield code="4">0</subfield>
    <subfield code="7">0</subfield>
    <subfield code="a">fsecg</subfield>
    <subfield code="b">fsecg</subfield>
    <subfield code="d">2026-05-07</subfield>
    <subfield code="h">&#x645;&#x643;&#x62A;&#x628;&#x629; &#x628;&#x646; &#x639;&#x643;&#x646;&#x648;&#x646;</subfield>
    <subfield code="i">22599</subfield>
    <subfield code="l">0</subfield>
    <subfield code="o">&#x623;/4088&#x646;8</subfield>
    <subfield code="p">22599</subfield>
    <subfield code="r">2026-05-07 07:53:37</subfield>
    <subfield code="w">2026-05-07</subfield>
    <subfield code="y">&#x643;&#x62A;&#x627;&#x628;</subfield>
  </datafield>
  <datafield tag="952" ind1=" " ind2=" ">
    <subfield code="0">0</subfield>
    <subfield code="1">0</subfield>
    <subfield code="2">ddc</subfield>
    <subfield code="4">0</subfield>
    <subfield code="7">0</subfield>
    <subfield code="a">fsecg</subfield>
    <subfield code="b">fsecg</subfield>
    <subfield code="d">2026-05-07</subfield>
    <subfield code="h">&#x645;&#x643;&#x62A;&#x628;&#x629; &#x628;&#x646; &#x639;&#x643;&#x646;&#x648;&#x646;</subfield>
    <subfield code="i">22600</subfield>
    <subfield code="l">0</subfield>
    <subfield code="o">&#x623;/4088&#x646;9</subfield>
    <subfield code="p">22600</subfield>
    <subfield code="r">2026-05-07 07:53:37</subfield>
    <subfield code="w">2026-05-07</subfield>
    <subfield code="y">&#x643;&#x62A;&#x627;&#x628;</subfield>
  </datafield>
  <datafield tag="999" ind1=" " ind2=" ">
    <subfield code="c">44054</subfield>
    <subfield code="d">44054</subfield>
  </datafield>
</record>
